[Event "Titled Tuesday intern op 14th Feb Early"]
[Site "Chess.com INT"]
[Date "2023.02.14"]
[Round "3"]
[White "Hansen, Sune Berg"]
[Black "Donskov, Anatoly"]
[Result "0-1"]
[WhiteElo "2521"]
[BlackElo "2279"]
[PlyCount "210"]
[EventDate "2023.02.14"]
[EventType "swiss (blitz)"]
[EventRounds "11"]
[EventCountry "USA"]
[SourceTitle "CBM 212 Extra"]
[Source "ChessBase"]
[SourceDate "2023.03.31"]
[SourceVersion "1"]
[SourceVersionDate "2023.03.31"]
[SourceQuality "1"]

1. e4 c5 2. Nf3 e6 3. d3 d5 4. Nbd2 Nf6 5. g3 Nc6 6. Bg2 g6 7. 0-0 Bg7 8. Re1 0-0 9. c3 Kh8 10. exd5 exd5 11. Nb3 b6 12. Bf4 h6 13. d4 c4 14. Nbd2 Be6 15. b3 b5 16. bxc4 bxc4 17. Qa4 Qd7 18. Qa3 Kh7 19. h4 Rfe8 20. Ne5 Nxe5 21. Bxe5 Qe7 22. Qa6 Qd7 23. Rab1 Ng4 24. Bxg7 Kxg7 25. Rb7 Qc8 26. Qb5 Rb8 27. Rxb8 Qxb8 28. Rb1 Qd8 29. Re1 Qb8 30. Qa4 Rd8 31. Qa3 Qc7 32. Nf1 Rb8 33. Ne3 Nxe3 34. Rxe3 Rb1+ 35. Kh2 Qb7 36. Qd6 Rb2 37. Qe5+ Kh7 38. Qf6 Rb6 39. h5 gxh5 40. Re5 Bg4 41. Qf4 Rd6 42. f3 Be6 43. Rxh5 Bc8 44. g4 Qe7 45. g5 Rg6 46. Rxh6+ Rxh6+ 47. gxh6 Be6 48. Qg3 Kxh6 49. f4 Qf6 50. Bf3 Qg6 51. Qh4+ Kg7 52. Qg5 Qxg5 53. fxg5 Kg6 54. Kg3 Kxg5 55. Bg2 f6 56. Bf3 f5 57. Bg2 f4+ 58. Kf2 Bf7 59. Bf3 Kf5 60. Bg2 Kf6 61. Kf3 Kg5 62. Kf2 Be6 63. Bf3 Kf6 64. Bg2 Ke7 65. Kf3 Kd6 66. Kxf4 Bf7 67. Kg5 Be6 68. Kf6 a5 69. Bf3 a4 70. a3 Bd7 71. Bd1 Bc6 72. Bc2 Bd7 73. Bf5 Bc6 74. Be6 Bb5 75. Bf5 Bc6 76. Bc2 Bb5 77. Bd1 Bc6 78. Bg4 Bb5 79. Kf7 Bc6 80. Bh5 Bb5 81. Kf8 Bd7 82. Be8 Bxe8 83. Kxe8 Ke6 84. Kd8 Kf5 85. Kc7 Ke4 86. Kd6 Kd3 87. Kxd5 Kxc3 88. Ke5 Kb3 89. d5 c3 90. d6 c2 91. d7 c1Q 92. d8Q Qxa3 93. Qd5+ Kb2 94. Qd2+ Kb3 95. Qd3+ Ka2 96. Qc4+ Qb3 97. Qc5 Qb2+ 98. Kf4 a3 99. Kg3 Qb3+ 100. Kh2 Qb2+ 101. Kh3 Kb1 102. Qf5+ Qc2 103. Qb5+ Kc1 104. Qf1+ Kb2 105. Qb5+ Qb3+ 0-1

[Event "Titled Tuesday intern op 31st Jan Late"]
[Site "Chess.com INT"]
[Date "2023.01.31"]
[Round "4"]
[White "Costachi, Mihnea"]
[Black "Donskov, Anatoly"]
[Result "0-1"]
[WhiteElo "2476"]
[BlackElo "2279"]
[PlyCount "44"]
[EventDate "2023.01.31"]
[EventType "swiss (blitz)"]
[EventRounds "11"]
[EventCountry "USA"]
[SourceTitle "CBM 212 Extra"]
[Source "ChessBase"]
[SourceDate "2023.03.31"]
[SourceVersion "1"]
[SourceVersionDate "2023.03.31"]
[SourceQuality "1"]

1. Nc3 c5 2. g3 e6 3. Bg2 Nc6 4. d3 d5 5. Nf3 Nf6 6. 0-0 d4 7. Nb1 Be7 8. e4 0-0 9. a4 b6 10. Ne1 Bb7 11. f4 Nd7 12. Nf3 f5 13. e5 Nb4 14. Nxd4 Bxg2 15. Nxe6 Qc8 16. Nxf8 Bxf1 17. Nxd7 Bh3 18. e6 Qc6 19. Qe2 Nxc2 20. Qxc2 Qf3 21. Qf2 Qd1+ 22. Qf1 Qxf1# 0-1